Baltimore Ravens Starting Quarterbacks of Super Bowl Era - Statistics

General Stats
  • This quiz has been taken 178 times
    133 since last reset
  • The average score is 11 of 24
Answer Stats
Answer % Correct
Joe Flacco
100%
Lamar Jackson
100%
Trent Dilfer
82%
Tyler Huntley
77%
Vinny Testaverde
72%
Josh Johnson
70%
Kyle Boller
68%
Robbert Griffin III
62%
Steve McNair
62%
Tony Banks
52%
Jim Harbaugh
47%
Anthony Brown
46%
Elvis Grbac
41%
Ryan Mallett
35%
Troy Smith
34%
Jimmy Clausen
30%
Matt Schaub
28%
Randall Cunningham
25%
Anthony Wright
24%
Jeff Blake
23%
Chris Redman
22%
Eric Zeier
19%
Stoney Case
19%
Scott Mitchell
11%
No matching quizzes found
Score Distribution
Percent of People with Each Score
Percentile by Number Answered
Your Score History
You have not taken this quiz since the last reset